|
|
|
|
| LEADER |
01139nam a2200313 a 4500 |
| 001 |
2563818 |
| 003 |
BD-DhAAL |
| 005 |
20260106152737.0 |
| 008 |
091219s1997 maua b 001 0 eng d |
| 010 |
|
|
|a 95076981
|
| 020 |
|
|
|a 0395740053
|
| 020 |
|
|
|a 8185502269
|
| 040 |
|
|
|a DLC
|c DLC
|c BD-DhAAL
|
| 082 |
0 |
0 |
|a 650.1/3
|2 20
|
| 100 |
1 |
|
|a Reece, Barry L.
|9 724
|
| 245 |
1 |
0 |
|a Effective human relations in organizations /
|c Barry L. Reece, Rhonda Brandt.
|
| 250 |
|
|
|a Sixth edition.
|
| 260 |
|
|
|a Boston ;
|a Chennai, India :
|b Houghton Mifflin Company/All India Pub.,
|c c1997.
|
| 300 |
|
|
|a xx, 539 pages :
|b illustrations ;
|c 24 cm.
|
| 504 |
|
|
|a Includes bibliographical references (p. [497]-512) and index.
|
| 541 |
1 |
|
|e 00010837
|
| 650 |
|
0 |
|a Psychology, Industrial.
|
| 650 |
|
0 |
|a Interpersonal relations.
|
| 650 |
|
0 |
|a Personnel management.
|
| 700 |
1 |
|
|a Brandt, Rhonda.
|9 60077
|
| 852 |
4 |
|
|a Ayesha Abed Library
|j General Shelf.
|
| 942 |
|
|
|2 ddc
|c BK
|
| 999 |
|
|
|c 6256
|d 6256
|
| 952 |
|
|
|0 0
|1 0
|2 ddc
|4 0
|6 650_130000000000000_REE_1997
|7 0
|9 6293
|a BRACUL
|b BRACUL
|c GEN
|d 2009-12-20
|g 228.00
|l 0
|o 650.13 REE
|p 3010010837
|r 2009-12-20
|t 1
|w 2009-12-20
|y BK
|